| 000 | 01005nam a22002297a 4500 | ||
|---|---|---|---|
| 999 |
_c63095 _d63095 |
||
| 003 | Ge_BSU | ||
| 005 | 20250602130354.0 | ||
| 008 | 250602s2024 ge ||||| |||| 00| 0 geo d | ||
| 020 | _a9789941987892 | ||
| 041 | _ageo | ||
| 080 | _a1-(430) ჭ-82 | ||
| 100 |
_aჭულუხაძე, ოთარ _925204 |
||
| 245 |
_aNietzsche contra Heidegger / _cოთარ ჭულუხაძე; რედ. ალ. ალადაშვილი; გარეკანის დიზაინი ს. მეზვრიშვილი. |
||
| 264 |
_aთბილისი : _bCarpe diem, _c2024. |
||
| 300 |
_a260 გვ.; _b20 სმ. |
||
| 504 | _aბიბლიოგრ. გვ.256-258 | ||
| 653 | _aნიცშე | ||
| 653 | _aფილოსოფია | ||
| 700 |
_a ალადაშვილი, ალ. _eრედაქტორი _925205 |
||
| 700 |
_aმეზვრიშვილი, ს. _eგარეკანის დიზაინი _925206 |
||
| 942 |
_2udc _cᲬᲘᲒᲜᲘ |
||